[Event "SRB-chT 2nd League"]
[Site "Novi Sad"]
[Date "2023.11.04"]
[Round "4.2"]
[White "Indjic, Dusan"]
[Black "Farkas, Sandor I"]
[Result "1-0"]
[WhiteElo "2304"]
[BlackElo "2082"]
[PlyCount "141"]
[EventDate "2023.11.02"]
[EventType "team-tourn"]
[EventRounds "11"]
[EventCountry "SRB"]
[SourceTitle "CB46_2023"]
[SourceDate "2023.11.15"]
[SourceVersion "1"]
[SourceVersionDate "2023.11.15"]
[SourceQuality "1"]
[WhiteTeam "Stara Pazova"]
[BlackTeam "Lajos Segi Bajsa"]
[WhiteTeamCountry "SRB"]
[BlackTeamCountry "SRB"]

1. d4 Nf6 2. c4 g6 3. Nc3 Bg7 4. e4 d6 5. Be2 0-0 6. Bg5 c5 7. d5 h6 8. Bf4 a6 9. Qc1 Kh7 10. Nf3 b5 11. cxb5 axb5 12. Bxb5 Nxe4 13. Nxe4 Qa5+ 14. Nc3 Bxc3+ 15. bxc3 Qxb5 16. c4 Qb4+ 17. Bd2 Qa3 18. Bxh6 Qxc1+ 19. Bxc1 Ra4 20. Nd2 Ba6 21. 0-0 Nd7 22. Re1 Ne5 23. f4 Nxc4 24. Rxe7 Nb6 25. Re4 Bd3 26. Rxa4 Nxa4 27. Nf1 Ra8 28. Ne3 Nc3 29. Bb2 Ne2+ 30. Kf2 c4 31. Nd1 Nxf4 32. Nc3 Bf5 33. Bc1 Nd3+ 34. Ke3 Nc5 35. Bb2 Nd3 36. Bc1 Ne1 37. Kf2 Re8 38. a4 Nd3+ 39. Kf3 Ra8 40. Ba3 Ra6 41. Ke3 Bd7 42. Kd4 Ne5 43. Bxd6 Nd3 44. Be7 Nb2 45. a5 Kg7 46. Bc5 f6 47. Re1 Bf5 48. Re7+ Kh6 49. Ra7 Rxa7 50. Bxa7 Bd7 51. Bc5 Nd3 52. a6 Bc8 53. a7 Bb7 54. Kxc4 Ne5+ 55. Kb5 Nd7 56. Be3+ g5 57. Kc4 f5 58. Na4 f4 59. Bd4 Kg6 60. Nb6 Nxb6+ 61. Bxb6 Kf7 62. Kc5 Ke7 63. Bc7 Kd7 64. Be5 Ke7 65. h4 f3 66. gxf3 gxh4 67. Bh2 h3 68. f4 Ba8 69. f5 Kf6 70. d6 Kf7 71. Kb6 1-0

[Event "Belgrade Gligoric 100 Ann op"]
[Site "Belgrade"]
[Date "2023.02.05"]
[Round "2"]
[White "Lukovic, Vladimir"]
[Black "Indjic, Dusan"]
[Result "1-0"]
[WhiteElo "2427"]
[BlackElo "2304"]
[PlyCount "49"]
[EventDate "2023.02.05"]
[EventType "swiss (blitz)"]
[EventRounds "11"]
[EventCountry "SRB"]
[SourceTitle "EXT 2024"]
[Source "ChessBase"]
[SourceDate "2023.10.10"]
[SourceVersion "1"]
[SourceVersionDate "2023.10.10"]
[SourceQuality "1"]

1. e4 c5 2. Nf3 Nc6 3. Bb5 e6 4. 0-0 Nge7 5. Re1 a6 6. Bxc6 Nxc6 7. d4 cxd4 8. Nxd4 Be7 9. Nxc6 bxc6 10. Qg4 Kf8 11. e5 f5 12. exf6 Bxf6 13. Nc3 d5 14. Qg3 Kf7 15. Bf4 Re8 16. Na4 Qa5 17. b3 c5 18. Be5 Bd7 19. Nb2 Qd2 20. Nd3 Rac8 21. Bxf6 gxf6 22. Qh4 Kg7 23. Re3 Rf8 24. Nf4 Rce8 25. Nh5+ 1-0

[Event "Vojvodina-chT"]
[Site "Novi Sad"]
[Date "2017.11.19"]
[Round "9.1"]
[White "Indjic, Dusan"]
[Black "Sedlak, Nikola"]
[Result "1/2-1/2"]
[WhiteElo "2297"]
[BlackElo "2552"]
[PlyCount "171"]
[EventDate "2017.11.13"]
[EventType "team-tourn"]
[EventRounds "11"]
[EventCountry "SRB"]
[SourceTitle "CBM 181 Extra"]
[Source "ChessBase"]
[SourceDate "2017.12.12"]
[SourceVersion "1"]
[SourceVersionDate "2017.12.12"]
[SourceQuality "1"]
[WhiteTeam "Stara Pazova"]
[BlackTeam "Subotica Spartak"]
[WhiteTeamCountry "SRB"]
[BlackTeamCountry "SRB"]

1. d4 e6 2. g3 f5 3. Bg2 d5 4. c4 Nf6 5. Nc3 c6 6. Nh3 Bd6 7. Bf4 Be7 8. 0-0 Nbd7 9. cxd5 exd5 10. Qc2 Nb6 11. Rad1 0-0 12. b3 Kh8 13. Bg5 h6 14. Bxf6 Bxf6 15. Nf4 Qe8 16. Bf3 g6 17. h4 Be6 18. h5 g5 19. Ng6+ Kg7 20. e3 Nc8 21. Nxf8 Qxf8 22. Be2 Nd6 23. f3 Rc8 24. Kg2 Qe7 25. Qd2 Bf7 26. g4 Re8 27. Kf2 b5 28. Bd3 Qd7 29. Bxf5 Nxf5 30. gxf5 Qxf5 31. Qd3 Qc8 32. Rh1 Kh8 33. Ne2 Bg8 34. Ng3 Bh7 35. Qc3 Qe6 36. Rhe1 g4 37. f4 Bh4 38. Kg2 Be4+ 39. Kh2 Bf3 40. Rc1 Rc8 41. Qd3 Rf8 42. Rc3 Rxf4 43. Rxc6 Qxc6 44. exf4 Be4 45. Qd2 Qe8 46. Rc1 Bh7 47. Rc3 Bxg3+ 48. Kxg3 Qxh5 49. Rc8+ Kg7 50. Qh2 Qf7 51. Qe2 Be4 52. Qxg4+ Kh7 53. Rd8 Bf5 54. Qe2 Be4 55. Qg4 Bf5 56. Qh4 Qc7 57. Re8 Qc3+ 58. Kh2 Qb2+ 59. Kg3 Qc3+ 60. Kh2 Qb2+ 61. Kg1 Qxd4+ 62. Qf2 Qg7+ 63. Kh2 Qf7 64. Re5 Qh5+ 65. Kg1 Qd1+ 66. Re1 Qg4+ 67. Qg2 Qh4 68. Re8 Bg6 69. Re5 Be4 70. Rxe4 dxe4 71. Qxe4+ Kg7 72. Qb7+ Kg6 73. Qa6+ Qf6 74. Qxb5 Qa1+ 75. Kg2 Qxa2+ 76. Kg3 Qa1 77. Qe8+ Kh7 78. Qe4+ Kg7 79. Qb7+ Kh8 80. Kg4 Qg7+ 81. Qxg7+ Kxg7 82. b4 Kg6 83. b5 h5+ 84. Kh4 Kf5 85. Kxh5 Kxf4 86. Kh4 1/2-1/2

[Event "Vojvodina-chT"]
[Site "Novi Sad"]
[Date "2017.11.18"]
[Round "7.1"]
[White "Indjic, Dusan"]
[Black "Csonka, Balazs"]
[Result "1/2-1/2"]
[WhiteElo "2297"]
[BlackElo "2451"]
[PlyCount "32"]
[EventDate "2017.11.13"]
[EventType "team-tourn"]
[EventRounds "11"]
[EventCountry "SRB"]
[SourceTitle "CBM 181 Extra"]
[Source "ChessBase"]
[SourceDate "2017.12.12"]
[SourceVersion "1"]
[SourceVersionDate "2017.12.12"]
[SourceQuality "1"]
[WhiteTeam "Stara Pazova"]
[BlackTeam "Senta"]
[WhiteTeamCountry "SRB"]
[BlackTeamCountry "SRB"]

1. d4 Nf6 2. Nf3 g6 3. Bg5 Bg7 4. c3 0-0 5. Nbd2 d5 6. e3 Nbd7 7. h3 b6 8. Be2 Bb7 9. 0-0 Re8 10. Bf4 Ne4 11. Nxe4 dxe4 12. Nd2 e5 13. Bg3 exd4 14. cxd4 c5 15. Nc4 cxd4 16. exd4 Bd5 1/2-1/2

[Event "Vojvodina-chT"]
[Site "Novi Sad"]
[Date "2017.11.18"]
[Round "8.1"]
[White "Popovic, Zoran M"]
[Black "Indjic, Dusan"]
[Result "1/2-1/2"]
[WhiteElo "2211"]
[BlackElo "2297"]
[PlyCount "109"]
[EventDate "2017.11.13"]
[EventType "team-tourn"]
[EventRounds "11"]
[EventCountry "SRB"]
[SourceTitle "CBM 181 Extra"]
[Source "ChessBase"]
[SourceDate "2017.12.12"]
[SourceVersion "1"]
[SourceVersionDate "2017.12.12"]
[SourceQuality "1"]
[WhiteTeam "Gajdobra Hercegovac"]
[BlackTeam "Stara Pazova"]
[WhiteTeamCountry "SRB"]
[BlackTeamCountry "SRB"]

1. e4 c5 2. Nf3 Nc6 3. d4 cxd4 4. Nxd4 Nf6 5. Nc3 d6 6. Be2 e5 7. Nb3 Be7 8. Bg5 0-0 9. 0-0 Nxe4 10. Bxe7 Nxc3 11. Bxd8 Nxd1 12. Bc7 Nxb2 13. Bxd6 Rd8 14. Ba3 Na4 15. Bd3 Be6 16. Rfe1 Rac8 17. f3 Nd4 18. Nxd4 exd4 19. Re5 b6 20. Ree1 Nc5 21. Bb5 a6 22. Bf1 Bf5 23. Rac1 b5 24. Bb4 Ne6 25. c4 d3 26. cxb5 Rxc1 27. Rxc1 axb5 28. Kf2 Nd4 29. Bd2 Nc2 30. Rb1 b4 31. Rb3 h5 32. h4 f6 33. g4 hxg4 34. fxg4 Bg6 35. h5 Be4 36. Kg3 Rd4 37. Kf2 Kf7 38. Kg3 Ke6 39. Kf2 Kd5 40. Kg3 Kc5 41. Kf2 Bd5 42. Rxd3 Rxg4 43. h6 gxh6 44. Bxh6 Bc4 45. Rd2 Bxf1 46. Rxc2+ Bc4 47. Rb2 Kb5 48. Kf3 Rh4 49. Bg7 f5 50. Bf6 Bd5+ 51. Ke3 Re4+ 52. Kf2 f4 53. Bg5 Rd4 54. Bf6 Rc4 55. Be7 1/2-1/2

[Event "Vojvodina-chT"]
[Site "Novi Sad"]
[Date "2017.11.17"]
[Round "6.1"]
[White "Azaric, Slavko"]
[Black "Indjic, Dusan"]
[Result "0-1"]
[WhiteElo "2277"]
[BlackElo "2297"]
[PlyCount "66"]
[EventDate "2017.11.13"]
[EventType "team-tourn"]
[EventRounds "11"]
[EventCountry "SRB"]
[SourceTitle "CBM 181 Extra"]
[Source "ChessBase"]
[SourceDate "2017.12.12"]
[SourceVersion "1"]
[SourceVersionDate "2017.12.12"]
[SourceQuality "1"]
[WhiteTeam "Srpska Crnja Buducnost"]
[BlackTeam "Stara Pazova"]
[WhiteTeamCountry "SRB"]
[BlackTeamCountry "SRB"]

1. e4 c5 2. Nc3 Nc6 3. Nge2 d6 4. d4 cxd4 5. Nxd4 Nf6 6. h3 e5 7. Nf3 h6 8. Bc4 Be7 9. 0-0 0-0 10. Re1 Na5 11. Bd5 Be6 12. b3 Rc8 13. Bb2 Nxd5 14. Nxd5 Bxd5 15. exd5 b5 16. Qd2 Qb6 17. a4 b4 18. Re4 Rb8 19. Bd4 Qb7 20. Bb2 f5 21. Re2 e4 22. Nd4 Qxd5 23. Rd1 Bf6 24. Qc1 Nc6 25. Qb1 Nxd4 26. Red2 e3 27. Rxd4 Bxd4 28. Rxd4 exf2+ 29. Kf1 Qe6 30. Kxf2 Rfe8 31. Qd1 Rbc8 32. Rd3 Rc6 33. Kf1 Rxc2 0-1

[Event "Gligoric Cup 4th"]
[Site "Novi Banovci"]
[Date "2017.05.25"]
[Round "1.6"]
[White "Indjic, Dusan"]
[Black "Petrusic, Velimir"]
[Result "1-0"]
[WhiteElo "2291"]
[BlackElo "2150"]
[PlyCount "76"]
[EventDate "2017.05.25"]
[EventType "team-swiss"]
[EventRounds "5"]
[EventCountry "SRB"]
[SourceTitle "CBM 178 Extra"]
[Source "ChessBase"]
[SourceDate "2017.06.22"]
[SourceVersion "1"]
[SourceVersionDate "2017.06.22"]
[SourceQuality "1"]
[WhiteTeam "Stara Pazova"]
[BlackTeam "Indija Sloga"]
[WhiteTeamCountry "SRB"]
[BlackTeamCountry "SRB"]

1. d4 Nf6 2. Nf3 d6 3. c4 Nbd7 4. Nc3 e5 5. e4 Be7 6. Be2 0-0 7. 0-0 c6 8. Qc2 Qe8 9. Re1 Bd8 10. h3 Bb6 11. Be3 Qe7 12. Bf1 Re8 13. d5 Ba5 14. Nd2 Nh5 15. Rab1 c5 16. a3 Bxc3 17. Qxc3 g6 18. b4 f5 19. f3 f4 20. Bf2 b6 21. Bd3 Ng3 22. Nf1 Qh4 23. Nxg3 fxg3 24. Be3 Nf6 25. Qd2 h6 26. Bxh6 Nh7 27. Be3 Rf8 28. bxc5 bxc5 29. Bf1 Rf7 30. Rb2 Bd7 31. Reb1 Raf8 32. Rb7 Bc8 33. Rb8 g5 34. Ra8 Bd7 35. Rxf8+ Rxf8 36. Rb7 Rf7 37. a4 g4 38. fxg4 Qf6 1-0

[Event "Vojvodina-chT"]
[Site "Novi Sad"]
[Date "2015.11.14"]
[Round "6.1"]
[White "Kazakov, Mikhail"]
[Black "Indjic, Dusan"]
[Result "1-0"]
[WhiteElo "2488"]
[BlackElo "2281"]
[PlyCount "117"]
[EventDate "2015.11.10"]
[EventType "team-tourn"]
[EventRounds "9"]
[EventCountry "SRB"]
[SourceTitle "CBM 169 Extra"]
[Source "ChessBase"]
[SourceDate "2015.12.18"]
[SourceVersion "1"]
[SourceVersionDate "2015.12.18"]
[SourceQuality "1"]
[WhiteTeam "Elemir Naftagas"]
[BlackTeam "Stara Pazova"]
[WhiteTeamCountry "SRB"]
[BlackTeamCountry "SRB"]

1. d4 Nf6 2. c4 c5 3. d5 g6 4. Nc3 Bg7 5. e4 0-0 6. Nf3 d6 7. Be2 e6 8. 0-0 Re8 9. Nd2 Na6 10. Re1 Nc7 11. Bf1 b6 12. h3 a6 13. a4 Rb8 14. Nf3 exd5 15. cxd5 b5 16. e5 dxe5 17. d6 Ne6 18. axb5 Nd4 19. bxa6 Qxd6 20. a7 Ra8 21. Nxd4 cxd4 22. Qf3 Bd7 23. Nb5 Qb6 24. Rxe5 Rec8 25. Bd2 Bc6 26. Qa3 Bf8 27. Qa5 Qxa5 28. Rxa5 Nd7 29. Re1 d3 30. Nd4 Bb7 31. Bxd3 Nc5 32. Bc2 Bg7 33. Be3 Nd7 34. Bb1 Ne5 35. b3 Rd8 36. Nb5 Rd7 37. Bb6 Nc6 38. Ra4 Rc8 39. Nc7 Bd4 40. a8Q Bxa8 41. Nxa8 Bc3 42. Rf1 Rb7 43. Be4 Rbb8 44. Rc1 Nb4 45. Be3 f5 46. Bf3 Nd3 47. Rb1 Kh8 48. Nb6 Rd8 49. Nd5 Bg7 50. Nf4 Ne5 51. Ne6 Nxf3+ 52. gxf3 Rd3 53. Nxg7 Kxg7 54. Ra7+ Kf6 55. b4 g5 56. Kg2 f4 57. Bc5 Rd5 58. Re1 h5 59. Ra6+ 1-0

[Event "Vojvodina-chT"]
[Site "Kac"]
[Date "2014.11.13"]
[Round "9.4"]
[White "Indjic, Dusan"]
[Black "Vukic, Milan"]
[Result "1/2-1/2"]
[WhiteElo "2287"]
[BlackElo "2396"]
[PlyCount "73"]
[EventDate "2014.11.08"]
[EventType "team-tourn"]
[EventRounds "11"]
[EventCountry "SRB"]
[SourceTitle "EXT 2017"]
[Source "ChessBase"]
[SourceDate "2016.10.25"]
[SourceVersion "1"]
[SourceVersionDate "2016.10.25"]
[SourceQuality "1"]

1. d4 Nf6 2. c4 d6 3. Nc3 Nbd7 4. e4 e5 5. Nf3 c6 6. Be2 Be7 7. 0-0 0-0 8. Qc2 a6 9. Rd1 Qc7 10. Rb1 Re8 11. dxe5 Nxe5 12. Nxe5 dxe5 13. b4 b5 14. a4 a5 15. cxb5 cxb5 16. Qb2 axb4 17. Nxb5 Qb8 18. Bg5 Be6 19. Bxf6 gxf6 20. Rd3 Rxa4 21. Qc1 Kh8 22. Nc3 Ra7 23. Nd5 Bxd5 24. Rxd5 Qc8 25. Qd1 Rg8 26. Kh1 Qe6 27. Bc4 Qg4 28. Qxg4 Rxg4 29. f3 Rg8 30. Rb5 Kg7 31. h3 Rc8 32. Bd5 Kg6 33. Kh2 Rc2 34. Rb7 Rxb7 35. Bxb7 Bc5 36. Bd5 h5 37. h4 1/2-1/2

[Event "Vojvodina-chT 2nd League"]
[Site "Stari Banovci"]
[Date "2013.11.09"]
[Round "8"]
[White "Sertic, Rudolf"]
[Black "Indjic, Dusan"]
[Result "1-0"]
[WhiteElo "2358"]
[BlackElo "2291"]
[PlyCount "79"]
[EventDate "2013.11.03"]
[EventType "team-tourn"]
[EventRounds "11"]
[EventCountry "SRB"]
[SourceTitle "EXT 2015"]
[Source "ChessBase"]
[SourceDate "2014.11.20"]
[SourceVersion "1"]
[SourceVersionDate "2014.11.20"]
[SourceQuality "1"]

1. Nf3 Nf6 2. c4 g6 3. Nc3 Bg7 4. e4 0-0 5. d4 d6 6. Be2 c5 7. 0-0 Nc6 8. d5 Na5 9. Rb1 e5 10. a3 Bg4 11. b4 Bxf3 12. gxf3 cxb4 13. axb4 Nxc4 14. Bxc4 Rc8 15. Qb3 Qc7 16. Nb5 Qxc4 17. Qxc4 Rxc4 18. Nxd6 Rc7 19. Nb5 Rc4 20. Nxa7 Ra8 21. Be3 Bf8 22. Rfc1 Rxc1+ 23. Rxc1 Ne8 24. b5 Nd6 25. b6 f5 26. Bc5 Ne8 27. Bxf8 Kxf8 28. f4 exf4 29. e5 Rd8 30. d6 f3 31. h4 h6 32. Rc7 Nxd6 33. exd6 Rxd6 34. Rxb7 Ke8 35. Nb5 Rc6 36. Nd4 Rc3 37. Ra7 Rc1+ 38. Kh2 Rb1 39. b7 Kd8 40. b8Q+ 1-0

[Event "Vojvodina-chT 2nd League"]
[Site "Stari Banovci"]
[Date "2013.11.05"]
[Round "3"]
[White "Sekulic, Dusan"]
[Black "Indjic, Dusan"]
[Result "1-0"]
[WhiteElo "2298"]
[BlackElo "2291"]
[PlyCount "60"]
[EventDate "2013.11.03"]
[EventType "team-tourn"]
[EventRounds "11"]
[EventCountry "SRB"]
[SourceTitle "EXT 2015"]
[Source "ChessBase"]
[SourceDate "2014.11.20"]
[SourceVersion "1"]
[SourceVersionDate "2014.11.20"]
[SourceQuality "1"]

1. d4 Nf6 2. c4 c5 3. d5 g6 4. Nc3 Bg7 5. e4 0-0 6. Nf3 d6 7. Be2 e6 8. Bf4 exd5 9. cxd5 b5 10. Nd2 b4 11. Nb5 Ba6 12. 0-0 Bxb5 13. Bxb5 Nh5 14. Be3 Bxb2 15. Rb1 Bg7 16. Nc4 Qe7 17. g4 Nf6 18. f3 Nbd7 19. Bf4 Ne8 20. Bg3 Ne5 21. Na5 f5 22. exf5 gxf5 23. gxf5 Nc7 24. Be2 Rxf5 25. f4 Ng6 26. Qc2 Raf8 27. Bd3 Rxf4 28. Bxf4 Nxf4 29. Bxh7+ Kh8 30. Be4 Ncxd5 1-0

[Event "SRB-chT2 Vojvodina League"]
[Site "Kac"]
[Date "2012.10.19"]
[Round "8"]
[White "Indjic, Dusan"]
[Black "Bodiroga, Predrag"]
[Result "1/2-1/2"]
[WhiteElo "2287"]
[BlackElo "2394"]
[PlyCount "21"]
[EventDate "2012.10.14"]
[EventType "team-swiss"]
[EventRounds "11"]
[EventCountry "SRB"]
[SourceTitle "EXT 2015"]
[Source "ChessBase"]
[SourceDate "2014.11.20"]
[SourceVersion "1"]
[SourceVersionDate "2014.11.20"]
[SourceQuality "1"]

1. d4 d5 2. c4 dxc4 3. Nf3 Nf6 4. e3 e6 5. Bxc4 a6 6. a4 b6 7. 0-0 Bb7 8. Nc3 Bb4 9. Qe2 0-0 10. Rd1 Nbd7 11. Bd3 1/2-1/2

[Event "SRB-chT2 Vojvodina League"]
[Site "Kac"]
[Date "2012.10.18"]
[Round "7"]
[White "Dumpor, Atif"]
[Black "Indjic, Dusan"]
[Result "1/2-1/2"]
[WhiteElo "2359"]
[BlackElo "2287"]
[PlyCount "27"]
[EventDate "2012.10.14"]
[EventType "team-swiss"]
[EventRounds "11"]
[EventCountry "SRB"]
[SourceTitle "EXT 2015"]
[Source "ChessBase"]
[SourceDate "2014.11.20"]
[SourceVersion "1"]
[SourceVersionDate "2014.11.20"]
[SourceQuality "1"]

1. d4 Nf6 2. Nf3 c5 3. c4 cxd4 4. Nxd4 a6 5. Nc3 e6 6. g3 d5 7. cxd5 Nxd5 8. Bd2 e5 9. Nf3 Nc6 10. Bg2 Nxc3 11. Bxc3 Qxd1+ 12. Rxd1 f6 13. 0-0 Be6 14. Rd2 1/2-1/2

[Event "Vojvodina-chT2"]
[Site "Vrbas"]
[Date "2011.09.28"]
[Round "5"]
[White "Galyas, Miklos"]
[Black "Indjic, Dusan"]
[Result "1-0"]
[WhiteElo "2458"]
[BlackElo "2283"]
[PlyCount "107"]
[EventDate "2011.09.25"]
[EventType "team-tourn"]
[EventRounds "11"]
[EventCountry "SRB"]
[SourceTitle "CBM 144 Extra"]
[Source "ChessBase"]
[SourceDate "2011.10.28"]
[SourceVersion "1"]
[SourceVersionDate "2011.10.28"]
[SourceQuality "1"]

1. d4 Nf6 2. c4 c5 3. d5 g6 4. Nc3 Bg7 5. e4 0-0 6. Nf3 d6 7. h3 e6 8. Bd3 a6 9. a4 exd5 10. exd5 Re8+ 11. Be3 Bh6 12. 0-0 Bxe3 13. fxe3 Kg7 14. e4 b6 15. Qd2 Nbd7 16. Rf2 Ra7 17. Raf1 Ng8 18. Ne2 f6 19. Bc2 Ne5 20. Nxe5 fxe5 21. b4 cxb4 22. Qxb4 a5 23. Qa3 Nh6 24. Qe3 Ba6 25. Bd3 Ra8 26. Ng3 Rc8 27. Rf6 Ng8 28. Rf7+ Kh8 29. Ra7 Bxc4 30. Rff7 Re7 31. Raxe7 Nxe7 32. Qh6 Qg8 33. Rxe7 Bxd3 34. Nh5 Rf8 35. Rg7 gxh5 36. Rxg8+ Kxg8 37. Qxd6 Bxe4 38. Qxe5 Bf5 39. Qd6 Rf7 40. Qxb6 Rd7 41. Qxa5 Kf7 42. Qb5 Kf6 43. a5 Rg7 44. d6 Ke6 45. a6 Be4 46. Qe2 Kd5 47. Qd2+ Ke6 48. Qe3 Kf5 49. a7 Rxg2+ 50. Kf1 Ra2 51. d7 Ra1+ 52. Ke2 Ra2+ 53. Qd2 Bf3+ 54. Ke3 1-0

[Event "Stara Pazova"]
[Site "Stara Pazova"]
[Date "2011.08.01"]
[Round "3"]
[White "Indjic, Dusan"]
[Black "Kosanovic, Goran A"]
[Result "1/2-1/2"]
[WhiteElo "2279"]
[BlackElo "2383"]
[PlyCount "27"]
[EventDate "2011.07.31"]
[EventType "tourn"]
[EventRounds "10"]
[EventCountry "SRB"]
[EventCategory "6"]
[SourceTitle "CBM 143 Extra"]
[Source "ChessBase"]
[SourceDate "2011.08.29"]
[SourceVersion "1"]
[SourceVersionDate "2011.08.29"]
[SourceQuality "1"]

1. d4 g6 2. c4 Bg7 3. e4 c5 4. d5 d6 5. Nf3 Nf6 6. Nc3 0-0 7. Be2 e6 8. 0-0 exd5 9. cxd5 Re8 10. Nd2 a6 11. a4 Nbd7 12. h3 Rb8 13. Qc2 h6 14. Nc4 1/2-1/2

[Event "Belgrade Winter op"]
[Site "Belgrade"]
[Date "2011.01.28"]
[Round "7"]
[White "Carnic, Srdjan"]
[Black "Indjic, Dusan"]
[Result "1/2-1/2"]
[WhiteElo "2343"]
[BlackElo "2268"]
[PlyCount "67"]
[EventDate "2011.01.22"]
[EventType "swiss"]
[EventRounds "9"]
[EventCountry "SRB"]
[SourceTitle "CBM 140 Extra"]
[Source "ChessBase"]
[SourceDate "2011.03.01"]
[SourceVersion "1"]
[SourceVersionDate "2011.03.01"]
[SourceQuality "1"]

1. e4 c5 2. Nf3 Nc6 3. c3 Nf6 4. e5 Nd5 5. d4 cxd4 6. cxd4 e6 7. Bc4 d6 8. 0-0 Be7 9. Qe2 0-0 10. Qe4 Ndb4 11. exd6 Qxd6 12. Nc3 Na5 13. Be2 Bd7 14. Bf4 Qb6 15. Ne5 Bc6 16. Nxc6 Naxc6 17. Be3 Nd5 18. Nxd5 exd5 19. Qxd5 Bf6 20. Rad1 Rfd8 21. Qf5 Nxd4 22. Bxd4 Rxd4 23. Rxd4 Qxd4 24. b3 Rd8 25. Bc4 a6 26. a4 g6 27. Qf3 Rd7 28. g3 Kg7 29. Kg2 Qe5 30. Rd1 Rxd1 31. Qxd1 b5 32. axb5 axb5 33. Bd5 h5 34. h4 1/2-1/2

[Event "Belgrade Winter op"]
[Site "Belgrade"]
[Date "2011.01.27"]
[Round "6"]
[White "Andrijevic, Milan"]
[Black "Indjic, Dusan"]
[Result "1/2-1/2"]
[WhiteElo "2342"]
[BlackElo "2268"]
[PlyCount "67"]
[EventDate "2011.01.22"]
[EventType "swiss"]
[EventRounds "9"]
[EventCountry "SRB"]
[SourceTitle "CBM 140 Extra"]
[Source "ChessBase"]
[SourceDate "2011.03.01"]
[SourceVersion "1"]
[SourceVersionDate "2011.03.01"]
[SourceQuality "1"]

1. e4 c5 2. Nf3 Nc6 3. d4 cxd4 4. Nxd4 Nf6 5. Nc3 d6 6. Be2 e5 7. Nb3 Be7 8. Be3 0-0 9. 0-0 Be6 10. Bf3 a5 11. Nd5 Bxd5 12. exd5 Nb4 13. c4 Nd7 14. Bd2 b6 15. Bxb4 axb4 16. Qe1 f5 17. Qxb4 Nc5 18. Nxc5 bxc5 19. Qd2 e4 20. Bd1 Bf6 21. Bb3 Bd4 22. g3 f4 23. Kh1 e3 24. fxe3 fxe3 25. Rxf8+ Qxf8 26. Qe2 Re8 27. Bc2 Bxb2 28. Rb1 Bd4 29. Bd3 g6 30. a3 Qe7 31. a4 Kg7 32. Kg2 Qc7 33. Bc2 Re7 34. Rf1 1/2-1/2